000 00894nac a22002051u 4500
010 _a 98018812
020 _a0393973158
082 0 0 _a338.5024658
_bM2871
090 _c4177
_d4177
100 _aMansfield, Edwin.
245 1 0 _aManagerial economics :
_btheory, applications, and cases /
_cEdwin Mansfield.
250 _a4th ed.
260 _aNew York :
_bW.W. Norton,
_cc1999.
300 _axxiv, 671, 80 p. :
_bill. ;
_c24 cm.
504 _aIncludes bibliographical references and index.
650 0 _aManagerial economics.
942 _cBB
_k338.5024658M2871
999 _c4177
_d4177